Top 20 most substitute appearances for Manchester United - Statistics

General Stats
  • This quiz has been taken 1,237 times
  • The average score is 9 of 20
Answer Stats
Hint Answer % Correct
160 Ryan Giggs
82%
150 Ole Gunnar Solskjaer
81%
141 Paul Scholes
77%
85 Phil Neville
68%
52 Teddy Sheringham
60%
80 Nicky Butt
57%
61 Javier Hernandez
56%
50 Nani
56%
48 Cristiano Ronaldo
49%
68 Darren Fletcher
47%
49 Wes Brown
45%
92 John Oshea
44%
52 Anderson
43%
59 Park Ji Sung
38%
46 Danny Welbeck
37%
48 Louis Saha
30%
61 Diego Forlan
18%
73 Brian McClair
16%
50 Lee Sharpe
16%
53 David McCreery
1%
No matching quizzes found
Score Distribution
Percent of People with Each Score
Percentile by Number Answered
Your Score History
You have not taken this quiz